| 000 | 00744nam a2200241 a 4500 | ||
|---|---|---|---|
| 001 | 54549 | ||
| 003 | BD-RJUL | ||
| 005 | 20211209080133.0 | ||
| 008 | 161107s1953 xx 000 0 eng d | ||
| 035 | _aBD-RJUL 54671 | ||
| 040 |
_aTYC _cTYC _dEQO _beng |
||
| 041 | _aeng | ||
| 082 |
_223 _a956 _bKIS 1953 |
||
| 090 |
_aDS62 _b.K5 1953 |
||
| 100 | 1 |
_aKimche, Jon. _9162720 |
|
| 245 | 1 | 0 |
_aSeven fallen pillars : _bthe Middle East, 1915-1952 _cJon. Kimche |
| 250 | _a[Rev. and enl. ed.] | ||
| 260 |
_aLondon : _bSecker and Warburg, _c1953 |
||
| 300 |
_axxv, 439 p. : _bill. ; _c22 cm |
||
| 500 | _a"Revised edition with additional material carrying the story to January 1953." | ||
| 651 | 0 |
_aMiddle East _xHistory _9162721 |
|
| 942 |
_2ddc _cBK |
||
| 999 |
_c54549 _d54549 |
||